000 00831nam a2200253 i 4500
003 DO-SdBNP
005 20240115131555.0
007 ta
008 240115b1944 dr ||||| |||| 00| 0 spa d
040 _aDO-SdBNP
_bspa
_cBNPHU
_erda
082 4 _222
110 2 _aUniversidad de Santo Domingo :
_bFacultad de Farmacia y Ciencias Químicas
_984772
245 1 0 _aEstudio del Cecropia Peltata (Yagrumo) :
_btesis para el doctorado /
_cPatria M. Trujillo Reinoso
264 _aCiudad Trujillo, República Dominicana:
_bEl Hombre,
_c1944.
300 _a52 páginas ;
_c24 cm.
336 _2rdacontent
_atexto
_btxt
337 _2rdamedia
_asin mediación
_bn
338 _2rdacarrier
_avolumen
_bnc
500 _aTesis
504 _aBibliográfia : p.50-51
590 _aInventariada, 2024/BT
910 _aBtavárez
942 _2ddc
_cLBS1
999 _c55666
_d55666